Effectiveness of the local government system in the Czech republic

Česká republika ako krajina s najvyšším počtom samosprávnych celkov na stotisíc obyvateľov v rámci krajín EÚ. Meranie efektívnosti systému miestnej samosprávy v Českej republike prostredníctvom výdavkov na administratívu a celkových výdavkov obcí (vrátane miest). Návrh optimalizačných modelov, ktoré...

Descrizione completa

Salvato in:
Dettagli Bibliografici
Autore principale: Černěnko, Tomáš, 1981-
Natura: Capitolo di libro
Lingua:inglese
Soggetti:
Tags: Aggiungi Tag
Nessun Tag, puoi essere il primo ad aggiungerne!!

MARC

LEADER 00000nla a2200000 4500
001 0238661
005 20240502083638.6
041 0 |a eng 
044 |a CZ 
245 1 0 |a Effectiveness of the local government system in the Czech republic  |c Tomáš Černěnko 
520 |a Česká republika ako krajina s najvyšším počtom samosprávnych celkov na stotisíc obyvateľov v rámci krajín EÚ. Meranie efektívnosti systému miestnej samosprávy v Českej republike prostredníctvom výdavkov na administratívu a celkových výdavkov obcí (vrátane miest). Návrh optimalizačných modelov, ktoré by mohli zvýšiť efektívnosť a uvoľniť finančné prostriedky využiteľné na iné účely, a to bez dodatočného daňového zaťaženia alebo zvýšenia dlhu. 
610 2 0 |a správa verejná 
610 2 0 |a samospráva miestna 
610 2 0 |a efektívnosť 
610 2 0 |a meranie výkonnosti 
610 2 0 |a optimalizácia 
610 2 0 |a znižovanie nákladov 
610 2 0 |a modely 
610 2 0 |a Česko 
100 1 |a Černěnko, Tomáš, 1981-